00400nam a2200145Ia 4500008004100000100002400041245004700065245002300112260002400135260000900159300001500168440002400183650002300207650002400230190912s9999 xx 000 0 und d aClapano, Jose Rodel aManila revives "no garage, no car" policy/ cJose Rodel Clapano bThe Philippine Star c2017 aFebruary 7 aThe Philippine Star aLaw -- Philippines aLaw and legislation